| 000 | 00896cam a2200277 i 4500 | ||
|---|---|---|---|
| 999 |
_c200453255 _d71467 |
||
| 003 | TR-AnTOB | ||
| 005 | 20230606102521.0 | ||
| 007 | ta | ||
| 008 | 021219s1939 tu o 000 0 tu d | ||
| 040 |
_aBGZ _beng _erda _cBGZ _dTR-AnTOB |
||
| 041 | 1 |
_atur _hota |
|
| 050 | 1 |
_aDS793.S62 _bİ558s 1939 |
|
| 090 |
_aDS 793.S62 _bİ558s 1939 |
||
| 100 | 1 |
_aİlkul, Ahmet Kemal, _d1889-1966 _eauthor _9141910 |
|
| 245 | 1 | 0 |
_aŞanghay hatıraları / _cyazan Ahmet Kemal İlkul. |
| 264 | 1 |
_aİstanbul : _bKader Basımevi, _c1939. |
|
| 300 |
_a116, [10] pages : _bphotographs ; _c19 cm |
||
| 336 |
_2rdacontent _atext _btxt |
||
| 337 |
_2rdamedia _aunmediated _bn |
||
| 338 |
_2rdacarrier _avolume _bnc |
||
| 504 | _aBIBINDX | ||
| 651 | 7 |
_aSincan Uygur Özerk Bölgesi (Çin) _2etuturkob _9128689 |
|
| 651 | 7 |
_aAsya, Orta _xGezi ve tanıtım _2etuturkob _98790 |
|
| 942 |
_2lcc _cBK |
||